| 000 | 00419nam a2200181Ia 4500 | ||
|---|---|---|---|
| 005 | 20250423101406.0 | ||
| 008 | 250422s9999 xx 000 0 und d | ||
| 020 | _a0-394-55954-1 | ||
| 050 | _aHC 110.W4 .P48/ | ||
| 100 | _aKevin phillips | ||
| 245 | 4 | _aThe Politics of Rich and Poor | |
| 250 | _aFirst Edition | ||
| 260 | _aUSA | ||
| 260 | _bKevin phillips | ||
| 260 | _c1990 | ||
| 300 | _a262 p | ||
| 942 | _cBK | ||
| 999 |
_c36175 _d36175 |
||